Encadrer, un métier impossible ? (notice n° 1558183)

détails MARC
000 -LEADER
fixed length control field 02430cam a2200277zu 4500
003 - CONTROL NUMBER IDENTIFIER
control field FRCYB88921418
005 - DATE AND TIME OF LATEST TRANSACTION
control field 20251020125410.0
008 - FIXED-LENGTH DATA ELEMENTS--GENERAL INFORMATION
fixed length control field 251020s2015 fr | o|||||0|0|||fre d
020 ## - INTERNATIONAL STANDARD BOOK NUMBER
International Standard Book Number 9782200600709
035 ## - SYSTEM CONTROL NUMBER
System control number FRCYB88921418
040 ## - CATALOGING SOURCE
Original cataloging agency FR-PaCSA
Language of cataloging fr
Transcribing agency
Description conventions rda
100 1# - MAIN ENTRY--PERSONAL NAME
Personal name Mispelblom Beyer, Frederik
245 01 - TITLE STATEMENT
Title Encadrer, un métier impossible ?
Statement of responsibility, etc. ['Mispelblom Beyer, Frederik']
264 #1 - PRODUCTION, PUBLICATION, DISTRIBUTION, MANUFACTURE, AND COPYRIGHT NOTICE
Name of producer, publisher, distributor, manufacturer Armand Colin
Date of production, publication, distribution, manufacture, or copyright notice 2015
300 ## - PHYSICAL DESCRIPTION
Extent p.
336 ## - CONTENT TYPE
Content type code txt
Source rdacontent
337 ## - MEDIA TYPE
Media type code c
Source rdamdedia
338 ## - CARRIER TYPE
Carrier type code c
Source rdacarrier
520 ## - SUMMARY, ETC.
Summary, etc. Encadrer, un métier impossible ? prend le contre-pied des méthodes de management, des « bonnes pratiques » et des référentiels de compétences, en explorant les « dessous » d'une activité en somme relativement triviale, qui consiste à encadrer le travail d'autrui. Il l'aborde à partir de sept « secrets », dont certains de Polichinelle, qui entrelacent le cœur de l'activité formé par l'autorité et le pouvoir. Depuis bientôt dix ans, cette approche sert d'alternative à des cadres de l'entreprise, mais aussi du secteur social, de la santé, des collectivités territoriales, d'organisations publiques et privées. Elle témoigne des résistances d'un encadrement humaniste et citoyen, qui s'appuie notamment sur les sciences sociales et humaines pour voir plus clair et autrement dans son activité. Elle invite à une réflexion créative pour penser ses propres stratégies d'encadrement. « Un livre très instructif et optimiste, opposé à toute idéologie “ managériale. ” » Revue de la Défense Nationale « Un métier en définitive harassant, stressant, qui se pratique avec plus ou moins de succès. Constat résigné ? Non, lucide. » Les Échos « Au-delà des recettes, l'auteur tente de mettre en lumière la manière dont les choses se passent sur le terrain, c'est-à-dire rarement comme la direction l'imagine. » Entreprises et Carrières « Foncez à la conclusion où, en quatorze pages serrées comme un bon whisky, l'auteur ramasse son affaire. » Offres courrier cadres La 1re édition a été nominée pour le Prix Le Monde-Sciences Po, et le Prix des Nuages Blancs, en 2007.
650 #0 - SUBJECT ADDED ENTRY--TOPICAL TERM
Topical term or geographic name entry element
700 0# - ADDED ENTRY--PERSONAL NAME
Personal name Mispelblom Beyer, Frederik
856 40 - ELECTRONIC LOCATION AND ACCESS
Access method Cyberlibris
Uniform Resource Identifier <a href="https://international.scholarvox.com/netsen/book/88921418">https://international.scholarvox.com/netsen/book/88921418</a>
Electronic format type text/html
Host name

Pas d'exemplaire disponible.

PLUDOC

PLUDOC est la plateforme unique et centralisée de gestion des bibliothèques physiques et numériques de Guinée administré par le CEDUST. Elle est la plus grande base de données de ressources documentaires pour les Étudiants, Enseignants chercheurs et Chercheurs de Guinée.

Adresse

627 919 101/664 919 101

25 boulevard du commerce
Kaloum, Conakry, Guinée

Réseaux sociaux

Powered by Netsen Group @ 2025